<?xml version="1.0" encoding="UTF-8"?>
<record
    xmlns:xsi="http://www.w3.org/2001/XMLSchema-instance"
    xsi:schemaLocation="http://www.loc.gov/MARC21/slim http://www.loc.gov/standards/marcxml/schema/MARC21slim.xsd"
    xmlns="http://www.loc.gov/MARC21/slim">

  <leader>01908nam a22003137a 4500</leader>
  <datafield tag="999" ind1=" " ind2=" ">
    <subfield code="c">21913</subfield>
    <subfield code="d">21913</subfield>
  </datafield>
  <controlfield tag="003">AR-CdUCM</controlfield>
  <controlfield tag="008">190425b           ||||| |||| 00| 0 spa d</controlfield>
  <datafield tag="040" ind1=" " ind2=" ">
    <subfield code="a">MUNICIPALIDAD PROVINCIAL DEL CUSCO</subfield>
    <subfield code="c">BIBLIOTECA MUNICIPAL DEL CUSCO</subfield>
  </datafield>
  <datafield tag="082" ind1=" " ind2=" ">
    <subfield code="a">Rev.Letras/N&#xB0;1/1923</subfield>
  </datafield>
  <datafield tag="110" ind1=" " ind2=" ">
    <subfield code="a">Universidad del Cuzco</subfield>
    <subfield code="9">46805</subfield>
  </datafield>
  <datafield tag="245" ind1=" " ind2=" ">
    <subfield code="a">Letras :</subfield>
    <subfield code="b">&#xF3;rgano de la Asociaci&#xF3;n Letras /</subfield>
    <subfield code="c">Rosendo Callo Ortiz, director</subfield>
  </datafield>
  <datafield tag="260" ind1=" " ind2=" ">
    <subfield code="a">Cusco :</subfield>
    <subfield code="b">H.G. Rozas,</subfield>
    <subfield code="c">1923.</subfield>
  </datafield>
  <datafield tag="300" ind1=" " ind2=" ">
    <subfield code="a">102 p&#xE1;ginas. :</subfield>
    <subfield code="c">21 cm.</subfield>
  </datafield>
  <datafield tag="440" ind1=" " ind2=" ">
    <subfield code="a">Universidad del Cuzco.</subfield>
    <subfield code="n">A&#xF1;o 1, N&#xB0;1, agosto 1923.</subfield>
    <subfield code="9">46806</subfield>
  </datafield>
  <datafield tag="505" ind1=" " ind2=" ">
    <subfield code="a">+Contenido: Los fines universitarios i nuestros prop&#xF3;sitos. -- Algo sobre criminolog&#xED;a ind&#xED;gena. C&#xE9;sar A. Mu&#xF1;iz. -- El m&#xE1;rtir de la independencia. Julio Baca Arenas. -- Tampu. Luis E. Valc&#xE1;rcel. -- Ccori Champi. -- Lo que tambi&#xE9;n dicen ellos. Manuel A. Quiroga. -- Las formas matrimoniales. Jos&#xE9; Gabriel Cosio. -- La instrucci&#xF3;n militar i la pedagog&#xED;a. Luis A. Llanos. -- &#xA1;Maldita realidad!. Cesar A. V&#xED;lchez. -- Saudade. Miguel de San Rom&#xE1;n. -- Ofrenda. Alberto Delgado. -- Omar Khayyam i los modernistas. C&#xE9;sar A. V&#xED;lchez. -- La documentaci&#xF3;n hist&#xF3;rica sobre la batalla de Zepita. Manuel A. Quiroga. -- En este camino. Juan Manuel Delgado. -- Lirios. Romer&#xED;a. Sergio L. Caller. -- El Kimsachata. -- Yachacmi nin. Juan Jos&#xE9; Delgado. -- La carta del suicida. Alejandro Arispe.</subfield>
  </datafield>
  <datafield tag="650" ind1=" " ind2=" ">
    <subfield code="a">Intelectuales cusque&#xF1;os</subfield>
    <subfield code="9">46142</subfield>
  </datafield>
  <datafield tag="650" ind1=" " ind2=" ">
    <subfield code="a">Narrativa cusque&#xF1;a</subfield>
    <subfield code="9">10453</subfield>
  </datafield>
  <datafield tag="650" ind1=" " ind2=" ">
    <subfield code="a">Escritores cusque&#xF1;os</subfield>
    <subfield code="9">10661</subfield>
  </datafield>
  <datafield tag="650" ind1=" " ind2=" ">
    <subfield code="a">Literatura cusque&#xF1;a</subfield>
    <subfield code="9">46804</subfield>
  </datafield>
  <datafield tag="700" ind1=" " ind2=" ">
    <subfield code="a">Valc&#xE1;rcel, Luis E</subfield>
    <subfield code="9">628</subfield>
  </datafield>
  <datafield tag="700" ind1=" " ind2=" ">
    <subfield code="a">Mu&#xF1;iz, C&#xE9;sar A</subfield>
    <subfield code="9">46807</subfield>
  </datafield>
  <datafield tag="700" ind1=" " ind2=" ">
    <subfield code="a">Baca Arenas, Julio</subfield>
    <subfield code="9">46808</subfield>
  </datafield>
  <datafield tag="700" ind1=" " ind2=" ">
    <subfield code="a">Quiroga, Manuel A</subfield>
    <subfield code="9">46809</subfield>
  </datafield>
  <datafield tag="700" ind1=" " ind2=" ">
    <subfield code="a">Cosio, Jos&#xE9; Gabriel</subfield>
    <subfield code="9">11720</subfield>
  </datafield>
  <datafield tag="700" ind1=" " ind2=" ">
    <subfield code="a">V&#xED;lchez, C&#xE9;sar A</subfield>
    <subfield code="9">46810</subfield>
  </datafield>
  <datafield tag="942" ind1=" " ind2=" ">
    <subfield code="2">ddc</subfield>
    <subfield code="c">PP</subfield>
  </datafield>
  <datafield tag="945" ind1=" " ind2=" ">
    <subfield code="a">rac</subfield>
  </datafield>
  <datafield tag="952" ind1=" " ind2=" ">
    <subfield code="0">0</subfield>
    <subfield code="2">ddc</subfield>
    <subfield code="4">0</subfield>
    <subfield code="7">0</subfield>
    <subfield code="a">HEM</subfield>
    <subfield code="b">HEM</subfield>
    <subfield code="c">CART</subfield>
    <subfield code="d">2021-10-18</subfield>
    <subfield code="g">10.00</subfield>
    <subfield code="o">Rev.Letras/N&#xB0;1/1923</subfield>
    <subfield code="p">REVC000436</subfield>
    <subfield code="r">2021-10-18</subfield>
    <subfield code="y">PP</subfield>
  </datafield>
</record>
